Paroles - Oh lala - PNL - Statistiques

Statistiques générales
  • Ce quiz a été pris 40 fois
  • Le résultat moyen est 211 sur 353
Statistiques - réponses
Paroles % Correct
la
97%
dans
93%
de
93%
j'suis
90%
me
90%
ta
87%
to
87%
toi
87%
un
87%
a
83%
à
83%
ferme
83%
le
83%
oh
83%
cul
80%
merdier
80%
ou
80%
sac
80%
vie
80%
ces
77%
chatte
77%
du
77%
et
77%
gueule
77%
lala
77%
ma
77%
on
77%
c'est
73%
en
73%
ouais
73%
pas
73%
ah
70%
ça
70%
par
70%
pour
70%
tu
70%
des
67%
d'sa
67%
dur
67%
mère
67%
mes
67%
va
67%
bas
63%
quand
63%
que
63%
te
63%
bif
60%
bref
60%
coeur
60%
intérêt
60%
j'bibi
60%
j'dis
60%
j'me
60%
j'men
60%
putain
60%
sur
60%
baba
57%
bravo
57%
faire
57%
faut
57%
ice
57%
j'mens
57%
j'vois
57%
mais
57%
parlons
57%
s'coucher
57%
s'lever
57%
cons'
53%
donc
53%
gros
53%
j'sais
53%
même
53%
soleil
53%
tout
53%
amis
50%
ennemis
50%
il
50%
j'taime
50%
l'argent
50%
l'salaire
50%
l'soleil
50%
m'aimes
50%
obsédé
50%
p*dé
50%
pété
50%
pure
50%
qui
50%
temps
50%
totalement
50%
vert
50%
week-end
50%
autant
47%
chaud
47%
j'ai
47%
j'sers
47%
onze
47%
passe
47%
prendre
47%
qu'j'suis
47%
seul
47%
vérité
47%
viens
47%
aime
43%
avec
43%
crève
43%
dos
43%
galère
43%
j'recoupe
43%
lune
43%
nabil
43%
nous
43%
qu'on
43%
ans
40%
c'qu'on
40%
dalle
40%
disant
40%
dix
40%
faute
40%
four
40%
j'nique
40%
l'temps
40%
mehlich
40%
n'est
40%
oublier
40%
planète
40%
ronds
40%
sale
40%
salut
40%
sera
40%
vengeance
40%
'zeille
40%
zitounes
40%
bien
37%
bon
37%
chuchote
37%
danse
37%
défonce
37%
"hamdoullah"
37%
hey
37%
j'fais
37%
l'instant
37%
pesanteur
37%
reste
37%
sauve
37%
s'est
37%
tomber
37%
veux
37%
animal
33%
briller
33%
carresser
33%
côte
33%
croyez
33%
devient
33%
disons
33%
l'obscurité
33%
loca
33%
l'ombre
33%
niquer
33%
parce
33%
pissant
33%
profond
33%
rappeler
33%
remords
33%
rend
33%
s'installe
33%
vida
33%
vital
33%
voir
33%
biche
30%
bougies
30%
grêle
30%
j'vends
30%
sauvés
30%
souffler
30%
table
30%
trophée
30%
came
27%
roi
27%
toutes
27%
qu'j'kiffe
23%
j'dors
3%
Aucun quiz correspondant
Distribution des résultats
% des personnes avec chaque résultat
Percentile par nombre de réponses
Votre historique - résultats
Vous n’avez pas pris ce quiz